Động vật có xương sống

محفوظ في:
التفاصيل البيبلوغرافية
المؤلف الرئيسي: Trần Gia Huấn
التنسيق: كتاب
اللغة:Undetermined
منشور في: Hà Nội Giáo Dục 1979
الموضوعات:
الوسوم: إضافة وسم
لا توجد وسوم, كن أول من يضع وسما على هذه التسجيلة!
Thư viện lưu trữ: Trung tâm Học liệu Trường Đại học Cần Thơ
LEADER 00485nam a2200169Ia 4500
001 CTU_9220
008 210402s9999 xx 000 0 und d
082 |a 596 
082 |b H502/T2 
100 |a Trần Gia Huấn 
245 0 |a Động vật có xương sống 
245 0 |c Trần Gia Huấn, Trần Kiên 
260 |a Hà Nội 
260 |b Giáo Dục 
260 |c 1979 
650 |a vertebrates 
980 |a Trung tâm Học liệu Trường Đại học Cần Thơ